000 00660nam0a22002531 4500
001 RU\NLR\INFOCOMM6\ROSSICA\1000352475
005 20250613190242.0
035 _a(NLR Aleph) 009905926
090 _a10594401
_c10594401
100 _a20030611d1848 |||y0rusy50 ca
101 1 _ager
_crus
102 _aRU
105 _ay ||||000ay
200 1 _aPjatigorsk und seine Umgebungen
_fTraduit du russe par Gottwald
210 _aSt.Petersburg
_d1848
215 _d
702 1 _aGottwald
_4730
801 1 _aRU
_bInfoComm
_c20030611
801 0 _aRU
_bNLR
_gPSBO
852 _aNLR
_j13.9.1.260
942 _cBOOK
980 _aNB
980 _aRossica